Power, politics, and people

Na minha lista:
Detalhes bibliográficos
Formato: Livro
Idioma:Undetermined
Publicado em: New York Oxford University Press 1963
Assuntos:
Tags: Adicionar Tag
Sem tags, seja o primeiro a adicionar uma tag!
Thư viện lưu trữ: Trung tâm Học liệu Trường Đại học Cần Thơ
LEADER 00544nam a2200169Ia 4500
001 CTU_78210
008 210402s9999 xx 000 0 und d
082 |a 303.3 
082 |b P887 
245 0 |a Power, politics, and people 
245 4 |c The collected essays of C. Wright Mills ; Edited and with an introd. by Irving Louis Horowitz 
260 |a New York 
260 |b Oxford University Press 
260 |c 1963 
650 |a Social change,Power (Social sciences) 
904 |i Năm 
980 |a Trung tâm Học liệu Trường Đại học Cần Thơ